Beethoven (Record no. 167931)

MARC details
000 -LEADER
campo de control de longitud fija 00768nam a2200205 i 4500
001 - NÚMERO DE CONTROL
campo de control 167931
003 - IDENTIFICADOR DE NÚMERO DE CONTROL
campo de control ES-MaACL
005 - FECHA Y HORA DE LA ÚLTIMA TRANSACCIÓN
campo de control 20230906213627.0
008 - DATOS DE LONGITUD FIJA--INFORMACIÓN GENERAL
campo de control de longitud fija 960320s1880 sp g |||| |bspa d
040 ## - FUENTE DE CATALOGACIÓN
Centro catalogador/agencia de origen CARM
Lengua de catalogación spa
Centro/agencia transcriptor CCPB | SIC
100 1# - ENTRADA PRINCIPAL--NOMBRE DE PERSONA
Nombre de persona Wilder, Victor.
9 (RLIN) 133932
245 10 - MENCIÓN DEL TÍTULO
Título Beethoven
Resto del título : sus dias de gloria y sufrimiento /
Mención de responsabilidad, etc. Victor Wilder ; traducidos por Manuel Marañon y Leon Medina.
260 ## - PUBLICACIÓN, DISTRIBUCIÓN, ETC.
Lugar de publicación, distribución, etc. Madrid :
Nombre del editor, distribuidor, etc. Casa Editorial de Medina,
Fecha de publicación, distribución, etc. 1880.
300 ## - DESCRIPCIÓN FÍSICA
Extensión 175, 7 p. :
Otras características físicas música ;
Dimensiones 18 cm.
505 8# - NOTA DE CONTENIDO CON FORMATO
Nota de contenido con formato Las 7 p. contienen música impresa
600 14 - PUNTO DE ACCESO ADICIONAL DE MATERIA--NOMBRE DE PERSONA
Nombre de persona Beethoven, Ludwig van-
Subdivisión general Biografías.
9 (RLIN) 27031
700 1# - ENTRADA AGREGADA--NOMBRE PERSONAL
Nombre de persona Marañón, Manuel.
9 (RLIN) 76316
700 1# - ENTRADA AGREGADA--NOMBRE PERSONAL
Nombre de persona Medina, León.
9 (RLIN) 79703
852 ## - LOCALIZACIÓN
Ubicación ES-MaACL
Número de control de estantería T-598-F-3
Nota libre - Enc. hol.
-- - Enc. en un vol. facticio
Holdings
Estatus retirado Estado de pérdida Estado de daño No para préstamo Colección Biblioteca de origen Biblioteca actual Ubicación en estantería Fecha de adquisición Total de préstamos Signatura topográfica completa Código de barras Visto por última vez Precio de reemplazo Tipo de ítem Koha
        Colección de folletos Biblioteca del Ateneo de Madrid Biblioteca del Ateneo de Madrid Depósito folletos 17/01/2008   T-598-F-3 1176179 23/02/2023 23/02/2023 Folleto